| 000 | 00890cam a2200217 4500 | ||
|---|---|---|---|
| 001 | WB4006-11 | ||
| 008 | 040210n2004 000 0 eng u | ||
| 035 | _a(Sirsi) u125096 | ||
| 245 | _aHouse Price Index December 2003 | ||
| 260 | _c2004 | ||
| 490 |
_aODPM News Release _v(2004/0022) 9 February 2004 (3) |
||
| 520 | _aThe ODPM figures for December 2003 show that the mix-adjusted average house price in the UK stood at £162 689, up from £159 480 in November. The UK annual house price inflation in December was 8.3%, down from 9.7% in November. Annual house price inflation in London was 3.8%, down from 5.2%. http://www.odpm.gov.uk/pns/DisplayPN.cgi?pn_id=200 4_0022 | ||
| 590 | _aWB | ||
| 590 | _aWB | ||
| 650 | _aODPM HOUSE PRICE INDEX | ||
| 650 | _aHOUSE PRICES | ||
| 650 | _aHOUSE PRICE INFLATION | ||
| 650 | _aLONDON | ||
| 690 | _aHOUSING-HOUSE PRICES | ||
| 942 | _n0 | ||
| 999 |
_c117008 _d117008 |
||